[Event "Reykjavik op"]
[Site "Reykjavik"]
[Date "2023.04.03"]
[Round "8"]
[White "Botez, Alexandra"]
[Black "Cornelisse, Johnny JA"]
[Result "0-1"]
[WhiteElo "1988"]
[BlackElo "2203"]
[PlyCount "84"]
[EventDate "2023.03.29"]
[EventType "swiss"]
[EventRounds "9"]
[EventCountry "ISL"]
[SourceTitle "CBM 213 Extra"]
[Source "ChessBase"]
[SourceDate "2023.05.31"]
[SourceVersion "1"]
[SourceVersionDate "2023.05.31"]
[SourceQuality "1"]

1. d4 d5 2. c4 e6 3. Nf3 Nf6 4. g3 Be7 5. Bg2 0-0 6. 0-0 dxc4 7. Ne5 Nc6 8. Nxc6 bxc6 9. Na3 Bxa3 10. bxa3 Nd5 11. Qa4 c5 12. dxc5 Qf6 13. Rb1 Qg6 14. Bb2 a5 15. Rfe1 Ba6 16. Rbc1 Rfb8 17. Be5 Qg5 18. Bxd5 exd5 19. Bxc7 Rb2 20. Qc6 Bb7 21. Qd6 Re8 22. e3 Qf5 23. Qf4 Qh3 24. Qh4 Qd7 25. Bxa5 Rxa2 26. Bc3 Re4 27. Qg5 f6 28. Qh5 g6 29. Qh6 Qf5 30. f4 Re6 31. Bd4 Qe4 32. Qh3 g5 33. Rb1 Bc6 34. Rb8+ Be8 35. f5 Qc2 36. Rf1 Re4 37. Bxf6 Rxe3 38. Rb7 h5 39. Rg7+ Kf8 40. Bxg5 Re1 41. Be7+ Kxg7 42. f6+ Kh8 0-1

[Event "Hoogeveen op 25th"]
[Site "Hoogeveen"]
[Date "2022.10.22"]
[Round "9"]
[White "Klaren, Duncan"]
[Black "Cornelisse, Johnny JA"]
[Result "1-0"]
[WhiteElo "2009"]
[BlackElo "2160"]
[PlyCount "129"]
[EventDate "2022.10.15"]
[EventType "swiss"]
[EventRounds "9"]
[EventCountry "NED"]
[SourceTitle "CBM 210 Extra"]
[Source "ChessBase"]
[SourceDate "2022.11.30"]
[SourceVersion "1"]
[SourceVersionDate "2022.11.30"]
[SourceQuality "1"]

1. e4 c6 2. d4 d5 3. e5 c5 4. dxc5 e6 5. a3 Bxc5 6. b4 Be7 7. Qg4 g6 8. Nf3 Qc7 9. Bd3 a5 10. b5 Nd7 11. Bb2 Nc5 12. Be2 h5 13. Qf4 Ne4 14. c4 g5 15. Qc1 g4 16. Nfd2 Bg5 17. Qc2 Nxd2 18. Nxd2 Bf4 19. Rc1 Bxe5 20. b6 Qb8 21. cxd5 exd5 22. Qxc8+ Qxc8 23. Rxc8+ Rxc8 24. Bxe5 Rc1+ 25. Bd1 Rh6 26. 0-0 Kf8 27. Nb3 Rb1 28. Bd4 Rc6 29. Be3 a4 30. Nd2 Ra1 31. Bxa4 Rcc1 32. Bb5 Rxf1+ 33. Nxf1 Ke7 34. a4 Kd6 35. g3 Ne7 36. Kg2 Nf5 37. Bf4+ Kc5 38. Bd7 Nd6 39. Nd2 Ra3 40. Be3+ d4 41. Bf4 Ra2 42. Nb3+ Kd5 43. Nxd4 Nc4 44. Nf5 Nxb6 45. Ne7+ Ke4 46. Bf5+ Kd4 47. Be3+ Ke5 48. Bxb6 Rxa4 49. Bc8 Rb4 50. Bc7+ Kd4 51. Nf5+ Kd5 52. Bd7 Re4 53. Ne3+ Kc5 54. Bf5 Re8 55. h3 gxh3+ 56. Kxh3 b5 57. Kh4 b4 58. Kxh5 b3 59. Kg5 b2 60. Nd1 Re2 61. Nc3 Re1 62. Na4+ Kc6 63. Nxb2 Kxc7 64. Kf6 Re2 65. Nd3 1-0

[Event "Hoogeveen op 25th"]
[Site "Hoogeveen"]
[Date "2022.10.15"]
[Round "1"]
[White "Cornelisse, Johnny JA"]
[Black "Hartgers, Leendert"]
[Result "1-0"]
[WhiteElo "2160"]
[BlackElo "1840"]
[PlyCount "57"]
[EventDate "2022.10.15"]
[EventType "swiss"]
[EventRounds "9"]
[EventCountry "NED"]
[SourceTitle "CBM 210 Extra"]
[Source "ChessBase"]
[SourceDate "2022.11.30"]
[SourceVersion "1"]
[SourceVersionDate "2022.11.30"]
[SourceQuality "1"]

1. Nf3 Nf6 2. c4 e6 3. g3 d5 4. Bg2 Be7 5. 0-0 0-0 6. b3 c5 7. Bb2 Nc6 8. e3 b6 9. Nc3 Bb7 10. Qe2 Qc7 11. cxd5 exd5 12. d4 Rfe8 13. Rfd1 Rad8 14. Rac1 Qb8 15. dxc5 Bxc5 16. Na4 Be7 17. Nd4 Nxd4 18. Bxd4 Rc8 19. Nc3 Ne4 20. Nxe4 dxe4 21. Qg4 Bf8 22. h4 Rxc1 23. Rxc1 Qd6 24. Bh3 Bc6 25. h5 Rd8 26. Qg5 f6 27. Bxf6 Qxf6 28. Qxf6 gxf6 29. Rxc6 1-0

[Event "Utrecht Keres Memorial"]
[Site "Utrecht"]
[Date "2022.05.27"]
[Round "1"]
[White "Cornelisse, Johnny JA"]
[Black "Ypma, Peter"]
[Result "1/2-1/2"]
[WhiteElo "2164"]
[BlackElo "2340"]
[PlyCount "62"]
[EventDate "2022.05.27"]
[EventType "swiss"]
[EventRounds "6"]
[EventCountry "NED"]
[SourceTitle "CBM 208 Extra"]
[Source "ChessBase"]
[SourceDate "2022.07.31"]
[SourceVersion "1"]
[SourceVersionDate "2022.07.31"]
[SourceQuality "1"]

1. d4 g6 2. Nc3 Bg7 3. e4 c5 4. d5 d6 5. Be2 Bxc3+ 6. bxc3 Qa5 7. Bd2 Qa4 8. c4 Nf6 9. Bc3 0-0 10. f3 Nbd7 11. Qb1 Rb8 12. Qb3 Nb6 13. e5 Nh5 14. g4 Nf4 15. Bf1 e6 16. exd6 exd5 17. Qxa4 Nxa4 18. Bd2 g5 19. Bxf4 gxf4 20. Ne2 d4 21. Nxf4 Rd8 22. Bd3 Rxd6 23. Kf2 Bd7 24. Rhe1 Nb2 25. Re5 Nxd3+ 26. cxd3 b6 27. Rae1 Kf8 28. Rh5 Kg7 29. Rg5+ Kf8 30. Rh5 Kg7 31. Rg5+ Kf8 1/2-1/2

[Event "BEL-chT 2122"]
[Site "Belgium"]
[Date "2022.03.20"]
[Round "4.3"]
[White "Cornelisse, Johnny JA"]
[Black "Van der Stricht, Geert"]
[Result "0-1"]
[WhiteElo "2167"]
[BlackElo "2366"]
[PlyCount "138"]
[EventDate "2021.10.24"]
[EventType "team-tourn"]
[EventRounds "11"]
[EventCountry "BEL"]
[SourceTitle "EXT 2023"]
[Source "ChessBase"]
[SourceDate "2022.10.05"]
[SourceVersion "1"]
[SourceVersionDate "2022.10.05"]
[SourceQuality "1"]
[WhiteTeam "Borgerhout"]
[BlackTeam "KGSRL"]
[WhiteTeamCountry "BEL"]
[BlackTeamCountry "BEL"]

1. d4 Nf6 2. c4 e6 3. Nc3 Bb4 4. e3 0-0 5. Bd3 d5 6. Nf3 c5 7. 0-0 dxc4 8. Bxc4 Nbd7 9. a3 Ba5 10. Qe2 a6 11. Bd2 b5 12. Bd3 Bb7 13. Rfd1 Bb6 14. dxc5 Bxc5 15. Rac1 Qb8 16. Bb1 Rc8 17. Be1 Ne5 18. Ng5 Neg4 19. g3 h6 20. Nge4 Be7 21. Nxf6+ Nxf6 22. e4 Qe5 23. Bd2 Rd8 24. Bf4 Qh5 25. Qxh5 Nxh5 26. Be3 Nf6 27. f3 Nd7 28. Kf2 Ne5 29. Rxd8+ Rxd8 30. Rd1 Nc4 31. Bc1 Rc8 32. Rd7 Bc5+ 33. Ke2 Bc6 34. Rd1 Be8 35. Ba2 Be7 36. Rd3 Ne5 37. Rd2 Kf8 38. f4 Nc4 39. Rc2 f6 40. Nd1 Bh5+ 41. Ke1 Bf3 42. Nc3 f5 43. exf5 exf5 44. a4 Bb4 45. axb5 Be4 46. Re2 axb5 47. Bxc4 bxc4 48. Bd2 Bd3 49. Re5 Rb8 50. Rb5 Re8+ 51. Kd1 Bd6 52. Rd5 Be7 53. Ra5 Bf6 54. Rd5 Rb8 55. Bc1 Kf7 56. Rb5 Re8 57. Nd5 Bd4 58. Rb7+ Kg6 59. Ne7+ Kh5 60. Nc6 Be2+ 61. Kc2 Bf3 62. Rc7 Re2+ 63. Kb1 Bb6 64. Rb7 Bg1 65. Rc7 Be4+ 66. Ka2 Rc2 67. Kb1 Rxh2+ 68. Ka1 Rc2 69. Kb1 c3 0-1

[Event "NED-chT Promotion Liga 1"]
[Site "Netherlands"]
[Date "2021.06.12"]
[Round "1.2"]
[White "Wilgenhof, Otto"]
[Black "Cornelisse, Johnny JA"]
[Result "0-1"]
[WhiteElo "2175"]
[BlackElo "2196"]
[PlyCount "104"]
[EventDate "2021.06.12"]
[EventType "team-k.o."]
[EventRounds "2"]
[EventCountry "NED"]
[SourceTitle "EXT 2024"]
[Source "ChessBase"]
[SourceDate "2023.10.10"]
[SourceVersion "1"]
[SourceVersionDate "2023.10.10"]
[SourceQuality "1"]
[WhiteTeam "Arnhem"]
[BlackTeam "Paul Keres II"]
[WhiteTeamCountry "NED"]
[BlackTeamCountry "NED"]

1. d4 d5 2. Nf3 c5 3. c3 cxd4 4. cxd4 Nc6 5. Nc3 Nf6 6. Bf4 e6 7. e3 Bb4 8. Bd3 Qa5 9. Qb3 Ne4 10. Bxe4 dxe4 11. Nd2 Qf5 12. 0-0 Bxc3 13. Qxc3 0-0 14. Qc2 Nxd4 15. exd4 Qxf4 16. g3 Qf5 17. Qxe4 Qxe4 18. Nxe4 Bd7 19. b4 Bc6 20. Nc3 Rfd8 21. Rfd1 Rac8 22. Rd3 Bd5 23. f3 Kf8 24. Kf2 Rc4 25. a3 Rdc8 26. Rc1 Bc6 27. Ke3 f6 28. Kd2 Be8 29. Ne2 Bg6 30. Rxc4 Rxc4 31. Rc3 Rxc3 32. Kxc3 Ke7 33. Kc4 Bh5 34. g4 Be8 35. b5 b6 36. Nc3 Bf7 37. Kd3 g5 38. Ke3 h6 39. f4 Bg6 40. Na2 Kd6 41. Nb4 Be8 42. a4 Bd7 43. Ke4 Bc8 44. Ke3 Bb7 45. f5 exf5 46. gxf5 Bd5 47. Kd3 h5 48. Ke3 h4 49. h3 Bg2 50. Kf2 Bxh3 51. Nc6 Bxf5 52. Nxa7 Bd7 0-1

[Event "Amsterdam Science Park op-A"]
[Site "Amsterdam"]
[Date "2018.07.11"]
[Round "5"]
[White "Cornelisse, Johnny JA"]
[Black "Riemersma, Liafbern"]
[Result "0-1"]
[WhiteElo "2132"]
[BlackElo "2458"]
[PlyCount "80"]
[EventDate "2018.07.07"]
[EventType "swiss"]
[EventRounds "9"]
[EventCountry "NED"]
[SourceTitle "CBM 185 Extra"]
[Source "ChessBase"]
[SourceDate "2018.07.29"]
[SourceVersion "1"]
[SourceVersionDate "2018.07.29"]
[SourceQuality "1"]

1. d4 d5 2. c4 c6 3. Nf3 Nf6 4. Nc3 dxc4 5. a4 Bf5 6. e3 e6 7. Bxc4 Bb4 8. 0-0 0-0 9. Qe2 Bg4 10. Rd1 Nbd7 11. e4 Qe7 12. h3 Bh5 13. Bf4 Rfe8 14. g4 Bg6 15. e5 Nd5 16. Bg5 Qf8 17. Bd2 f6 18. exf6 Qxf6 19. Ne4 Bxe4 20. Qxe4 Bxd2 21. Nxd2 Rf8 22. Qe1 Qxd4 23. Qxe6+ Kh8 24. Bxd5 Qxf2+ 25. Kh1 Nc5 26. Qd6 Rad8 27. Qc7 cxd5 28. Rf1 Qe3 29. Rxf8+ Rxf8 30. Rf1 Qxh3+ 31. Kg1 Qxg4+ 32. Kh2 Qe2+ 33. Kg1 Qe3+ 34. Kh1 Rg8 35. Nf3 Ne4 36. Ne5 Qh3+ 37. Kg1 Qg3+ 38. Kh1 h6 39. Nf7+ Kh7 40. Qc2 Qg6 0-1

[Event "Amsterdam Science Park op-A"]
[Site "Amsterdam"]
[Date "2018.07.08"]
[Round "2"]
[White "Cornelisse, Johnny JA"]
[Black "Bekedam, Tyro"]
[Result "1-0"]
[WhiteElo "2132"]
[BlackElo "2019"]
[PlyCount "61"]
[EventDate "2018.07.07"]
[EventType "swiss"]
[EventRounds "9"]
[EventCountry "NED"]
[SourceTitle "CBM 185 Extra"]
[Source "ChessBase"]
[SourceDate "2018.07.29"]
[SourceVersion "1"]
[SourceVersionDate "2018.07.29"]
[SourceQuality "1"]

1. d4 Nf6 2. c4 e6 3. Nc3 Bb4 4. e3 b6 5. Nge2 Bb7 6. a3 Bxc3+ 7. Nxc3 d5 8. Be2 0-0 9. 0-0 c5 10. cxd5 exd5 11. b3 Nc6 12. Bf3 cxd4 13. exd4 h6 14. Re1 Qd7 15. Bf4 Rfe8 16. Be5 Ne7 17. Bxf6 gxf6 18. Qd2 Kg7 19. Ne2 Qf5 20. Ng3 Qg5 21. Nh5+ Kf8 22. Qb4 Rad8 23. Re3 Bc8 24. Rae1 Be6 25. h4 Qxh4 26. g3 Qg5 27. Nf4 Qf5 28. Rxe6 fxe6 29. Nxe6+ Kg8 30. Nxd8 Qxf3 31. Qd6 1-0

[Event "Amsterdam Science Park op-A"]
[Site "Amsterdam"]
[Date "2017.07.13"]
[Round "6"]
[White "Tereick, Benjamin"]
[Black "Cornelisse, Johnny JA"]
[Result "1-0"]
[WhiteElo "2410"]
[BlackElo "2123"]
[PlyCount "97"]
[EventDate "2017.07.08"]
[EventType "swiss"]
[EventRounds "9"]
[EventCountry "NED"]
[SourceTitle "CBM 179 Extra"]
[Source "ChessBase"]
[SourceDate "2017.08.23"]
[SourceVersion "1"]
[SourceVersionDate "2017.08.23"]
[SourceQuality "1"]

1. Nf3 Nf6 2. g3 d5 3. Bg2 e6 4. 0-0 Be7 5. c4 0-0 6. d4 dxc4 7. Qc2 Nbd7 8. Qxc4 a6 9. Qc2 c5 10. Rd1 cxd4 11. Nxd4 Qb6 12. h3 Bc5 13. e3 Ne5 14. Nb3 Be7 15. Bd2 Bb4 16. Bxb4 Qxb4 17. Nc5 Rb8 18. a3 Qc4 19. Qxc4 Nxc4 20. b3 Ne5 21. Nc3 b6 22. N5e4 Nxe4 23. Nxe4 Bb7 24. f4 Ng6 25. Rd7 Bd5 26. b4 a5 27. Rc1 axb4 28. axb4 Rfd8 29. Rxd8+ Rxd8 30. Rc7 Ra8 31. Nd6 Ra1+ 32. Bf1 f5 33. Kf2 Ra2+ 34. Be2 Kf8 35. Rf7+ Kg8 36. Rc7 Kf8 37. Ke1 Ne7 38. Rd7 Ng6 39. h4 Kg8 40. Rd8+ Nf8 41. Nc8 Kf7 42. Nxb6 Ke7 43. Rc8 Be4 44. Rc7+ Kf6 45. Nc4 Ng6 46. Nd6 Ne7 47. g4 e5 48. Nxe4+ fxe4 49. fxe5+ 1-0

[Event "Amsterdam Science Park op-A"]
[Site "Amsterdam"]
[Date "2017.07.11"]
[Round "4"]
[White "Cornelisse, Johnny JA"]
[Black "Feher, Adam"]
[Result "1-0"]
[WhiteElo "2123"]
[BlackElo "2377"]
[PlyCount "99"]
[EventDate "2017.07.08"]
[EventType "swiss"]
[EventRounds "9"]
[EventCountry "NED"]
[SourceTitle "CBM 179 Extra"]
[Source "ChessBase"]
[SourceDate "2017.08.23"]
[SourceVersion "1"]
[SourceVersionDate "2017.08.23"]
[SourceQuality "1"]

1. d4 d5 2. c4 e6 3. Nc3 c6 4. Nf3 Nf6 5. e3 Nbd7 6. Qc2 Bd6 7. Bd3 0-0 8. 0-0 dxc4 9. Bxc4 b5 10. Be2 Bb7 11. Rd1 Qe7 12. e4 e5 13. Bg5 Rfe8 14. d5 cxd5 15. Nxd5 Bxd5 16. Rxd5 h6 17. Rad1 Rac8 18. Qb1 hxg5 19. Rxd6 Nc5 20. Nxg5 a6 21. h4 g6 22. g3 Kg7 23. Kg2 Rc7 24. R1d2 Rec8 25. b4 Na4 26. Rxa6 Nc3 27. Qd3 Qxb4 28. a3 Qe7 29. Bf3 Rc6 30. Rxc6 Rxc6 31. Qd8 Qc5 32. Qa8 Rc8 33. Qa5 Na4 34. Be2 Qxa3 35. Qa7 Rf8 36. Ne6+ Kh7 37. Nxf8+ Qxf8 38. Bxb5 Nc3 39. Bc4 Ncxe4 40. Rd1 Kg7 41. Rb1 Qc5 42. Qxf7+ Kh6 43. Rb2 Qc6 44. Kg1 Qd6 45. Rb7 Qd2 46. Qf8+ Kh5 47. Qh8+ Kg4 48. Be6+ Kf3 49. Rb3+ Ke2 50. Bc4+ 1-0

[Event "Amsterdam Science Park op-A"]
[Site "Amsterdam"]
[Date "2017.07.10"]
[Round "3"]
[White "Cornelisse, Johnny JA"]
[Black "Brouwer, Dennis"]
[Result "1-0"]
[WhiteElo "2123"]
[BlackElo "2241"]
[PlyCount "101"]
[EventDate "2017.07.08"]
[EventType "swiss"]
[EventRounds "9"]
[EventCountry "NED"]
[SourceTitle "CBM 179 Extra"]
[Source "ChessBase"]
[SourceDate "2017.08.23"]
[SourceVersion "1"]
[SourceVersionDate "2017.08.23"]
[SourceQuality "1"]

1. c4 e5 2. g3 Nc6 3. Nc3 g6 4. Nf3 Bg7 5. Bg2 d6 6. Rb1 f5 7. d3 h6 8. Nd5 Nf6 9. b4 Nxd5 10. cxd5 Ne7 11. Qb3 0-0 12. Bb2 g5 13. Nxe5 dxe5 14. d6+ Kh7 15. dxe7 Qxe7 16. b5 Rd8 17. Ba3 Qd7 18. 0-0 a6 19. Qa4 Rb8 20. Bc6 Qe6 21. bxa6 Ra8 22. Bb5 Qxa2 23. Rb2 Qe6 24. Rc1 c6 25. Qa5 Rd5 26. Qc7 cxb5 27. axb7 Bxb7 28. Qxb7 Rxa3 29. Rc7 Qg8 30. Rxg7+ Qxg7 31. Qxd5 Ra1+ 32. Kg2 Ra7 33. Rxb5 Re7 34. Rb6 Rd7 35. Qe6 Rf7 36. Rb5 Rf6 37. Qxe5 h5 38. Rc5 Qf8 39. Rc7+ Kg6 40. Qe7 Qg8 41. Rd7 g4 42. Rd8 Qe6 43. Qe8+ Qxe8 44. Rxe8 Rd6 45. h3 Kf6 46. f3 Rd4 47. hxg4 hxg4 48. Kf2 gxf3 49. Kxf3 Rg4 50. Rf8+ Ke5 51. e4 1-0

[Event "BEL-chT 1617"]
[Site "Belgium"]
[Date "2016.11.06"]
[Round "3.7"]
[White "Cornelisse, Johnny JA"]
[Black "Fontaine, Quentin"]
[Result "0-1"]
[WhiteElo "2131"]
[BlackElo "2269"]
[PlyCount "70"]
[EventDate "2016.10.02"]
[EventType "team-tourn"]
[EventRounds "11"]
[EventCountry "BEL"]
[SourceTitle "CBM 175 Extra"]
[Source "ChessBase"]
[SourceDate "2016.12.12"]
[SourceVersion "1"]
[SourceVersionDate "2016.12.12"]
[SourceQuality "1"]
[WhiteTeam "Borgerhout"]
[BlackTeam "Fontaine"]
[WhiteTeamCountry "BEL"]
[BlackTeamCountry "BEL"]

1. d4 Nf6 2. c4 g6 3. Nc3 Bg7 4. e4 d6 5. Nf3 0-0 6. h3 e5 7. d5 Nh5 8. Nh2 Na6 9. Be3 Qe8 10. Be2 Nf4 11. Bf3 f5 12. Qd2 Nxg2+ 13. Bxg2 f4 14. Bxa7 Rxa7 15. Nf3 Qe7 16. h4 Bg4 17. Ng5 Nc5 18. Qc2 Bf6 19. Nf3 c6 20. b4 Na6 21. Qb3 c5 22. b5 Nb8 23. Ne2 Nd7 24. Nh2 Bxe2 25. Kxe2 Bxh4 26. Bh3 Nb6 27. Be6+ Kh8 28. Ng4 f3+ 29. Kd2 Ra4 30. Rac1 Bg5+ 31. Ne3 Rfa8 32. Rc2 Ra3 33. Qb1 Bxe3+ 34. fxe3 Qg5 35. Qd1 Qxe3# 0-1